Bürgermeister der Stadt Innsbruck - Statistiken

Allgemein
  • Dieses Quiz wurde 9 mal gespielt
  • Das Durchschnittsergebnis liegt bei 4 aus 9
Antwortstatistiken
Amtszeit Amtsträger/in % Korrekt
24. Mai 2018 – 17. Mai 2024 Georg Willi
89%
seit 17. Mai 2024 Johannes Anzengruber
89%
8. März 2010 – 24. Mai 2018 Christine Oppitz-Plörer
67%
25. Okt. 2002 – 8. März 2010 Hilde Zach
56%
11. Mai 1994 – 25. Okt. 2002 Herwig van Staa
44%
11. Dez. 1956 – 12. Okt. 1983 Alois Lugger
33%
8. Mai 1945 – 12. März 1951 Anton Melzer
0%
9. Apr. 1951 – 11. Dez. 1956 Franz Greiter
0%
12. Okt. 1983 – 25. Apr. 1994 Romuald Niescher
0%
Keine übereinstimmenden Quizze gefunden
Verteilung der Resultate
Anzahl Personen mit jedem Resultat
Perzentil nach korrekt beantworteten Fragen
Ihre Resultats-Entwicklung
Sie haben dieses Quiz noch nicht gespielt